000 00889nam a22002417a 4500
005 20090505110443.0
008 090505t xxu||||| |||| 00| 0 eng d
010 _aENG-93438
020 _a8188683388
_c400.00
020 _a9788188683383
_c400.00
035 _aEN-76971
037 _bDBAD / PUB
040 _adpl
_bEnglish
082 _a883.08
100 _aSingh, S.N.
245 _aManifestations of love from East and West:
_cby S.N. Singh
_ban integrated appraisal /
260 _aDelhi
_bAbhijeet Publications
_c2004
270 _a2/46 Tukhmeerpur Extension
_bDelhi
_e110094
300 _avii, 188p.
_c22cm (Hb)
500 _aIncludes index
942 _2ddc
_cEN
_mSIN
_h883.08
999 _c26103
_d26103